| 000 | 00821nam a2200217 i 4500 | ||
|---|---|---|---|
| 001 | 182783 | ||
| 003 | ES-MaACL | ||
| 005 | 20250902063118.0 | ||
| 008 | 131031s1996 sp |||| | spa d | ||
| 020 | _a84-7784-201-9 | ||
| 080 | _a821.134.2 Rodríguez, Claudio 1.06 | ||
| 100 | 1 |
_aPrieto de Paula, Ángel L., _d1955- _9157160 |
|
| 245 | 1 | 0 |
_aClaudio Rodríguez _b: visión y contemplación / _cÁngel Luis Prieto de Paula. |
| 260 |
_aAlicante : _bInstituto de Cultura "Juan-Gil Albert" : _bDiputación Provincial, _cD.L. 1996. |
||
| 300 |
_a69 p. ; _c20 cm. |
||
| 490 | 1 |
_aPoéticas ; _v1 |
|
| 600 | 1 | 4 |
_aRodríguez, Claudio, _d1934-1999- _xCrítica e interpretación _998225 |
| 830 | 0 |
_aPoéticas ; _v1 _9224896 |
|
| 852 |
_aES-MaACL _j2328-F-11 _z.- Donativo M. A. Velasco |
||
| 999 |
_c182783 _d182783 |
||